000 01164nam a22003137a 4500
001 6287
003 FISKH
005 20250409113119.0
008 250409b cb ||||| |||| 00| 0 eng d
020 _a9780545072212
040 _aFISKH
_beng
_cFISKH
_dFISKH
050 _aPZ7.T3 S
082 _a458
100 _aThaler, Mike
_d(1936–2024)
245 _aBack to school fright from the black lagoon /
_cBy Mike Thaler ; Illustrated by Jared Lee
250 _aThis edition first published in 2008
260 _aNew York :
_bScholastic,
_c2008
300 _a64 pages :
_billustrations ;
_c20 cm
490 _aBlack lagoon adventures
_v# 13
505 _aN
520 _aFor Hubie, preparing for school is worse than actually going to class -- his mother picks out all the wrong clothes, he endures anxiety-provoking visits to the doctor and dentist, and there are rumors about a new teacher who is worse than any other.
521 8 _a580
_bLexile
521 8 _aN
_bRaz-Plus
650 _2Black Lagoon Adventures
_aChapter book
650 _2Humor
_aBack to school
700 _aLee, Jared
_dillustrator
942 _2ddc
_cBK
_n0
999 _c6287
_d6287